Caricamento...
Developing countries: theory and practice of multilateral economic diplomacy
| Autore principale: | |
|---|---|
| Natura: | Printed Book |
| Pubblicazione: |
Ahamedabad, Allied
1987
|
| Soggetti: |
| LEADER | 005040000a22001570004500 | ||
|---|---|---|---|
| 041 | |a en | ||
| 082 | |a 337.172 4 M7 | ||
| 100 | |a Obminsky, Ernest | ||
| 245 | |a Developing countries: theory and practice of multilateral economic diplomacy | ||
| 260 | |a Ahamedabad, Allied | ||
| 260 | |c 1987 | ||
| 650 | |a Economic | ||
| 650 | |a Economic Relations | ||
| 942 | |c BK | ||
| 999 | |c 150246 |d 150242 | ||
| 952 | |0 0 |1 0 |4 0 |6 337_172000000000000_4_M7 |7 0 |9 149072 |a SCK |b SCK |d 2017-10-23 |l 0 |o 337.172 4 M7 |p SCK02934 |r 2017-10-23 |w 2017-10-23 |y BK | ||